000 00826nam a2200253Ia 4500
003 OSt
005 20220923211009.0
006 a|||||r|||| 00| 0
007 ta
008 220922b |||||||| |||| 00| 0 hin d
020 _a8170285984 (hbk)
_c175
024 _a233,467
037 _b448, 19/03/2008, Swaraj Prakashan
_cTextual
040 _aARTS
_cARTS
_bhin
041 _2hin
_ahin
082 _aO152,3N32x, P5
100 _aकमलेश्वर
_9156277
245 0 _aभारतमाता ग्रामवासिनी
246 _aBhāratamātā grāmavāsinī
260 _aदिल्ली
_b राजपाल
_c2005
300 _a173पृ.
_ccm.
942 _hO152,3N32x, P5
_cTEXL
_2CC
999 _c293679
_d293679